000 00627nam a2200205 a 4500
001 BRCA_4190
005 20190320204558.0
008 130510s2010----mx-a######---#000-0#spa-#
020 _a9786077622659
041 _aspa
044 _amx
050 4 _aF1226
_b.E96 2010
245 1 0 _aEl éxodo mexicano
_blos héroes en la mira del arte.
260 _aMéxico
_bINBA : UNAM
_c2010
300 _a511 p.
_bil. (algunas a color)
_c31 cm.
500 _aIncluye lista catalográfica e índice de autores
500 _aIncluye piezas de la colección Franz Mayer: p. 119 y 487
651 4 _aMéxico
_xHistoria
_9614
942 _2lcc
_cB
999 _c3906
_d3906